[Event "CZE-chT2E 2122"]
[Site "Czech Republic"]
[Date "2022.04.03"]
[Round "11.6"]
[White "Mlensky, Dalibor"]
[Black "Martinka, Jakub"]
[Result "1-0"]
[WhiteElo "2096"]
[BlackElo "1857"]
[PlyCount "169"]
[EventDate "2021.10.17"]
[EventType "team-tourn"]
[EventRounds "11"]
[EventCountry "CZE"]
[SourceTitle "EXT 2024"]
[Source "ChessBase"]
[SourceDate "2023.10.10"]
[SourceVersion "1"]
[SourceVersionDate "2023.10.10"]
[SourceQuality "1"]
[WhiteTeam "Prusanky Podluzan"]
[BlackTeam "Zlin"]
[WhiteTeamCountry "CZE"]
[BlackTeamCountry "CZE"]

1. e4 c5 2. Nf3 d6 3. d4 cxd4 4. Nxd4 Nf6 5. Nc3 a6 6. g3 e5 7. Nde2 Be6 8. Bg2 Be7 9. 0-0 0-0 10. h3 b5 11. g4 b4 12. Nd5 Nxd5 13. exd5 Bc8 14. Ng3 Nd7 15. a3 bxa3 16. Rxa3 Bb7 17. Nf5 Re8 18. Nxe7+ Qxe7 19. Rg3 Nf8 20. Be4 Rec8 21. Re1 Qd8 22. g5 Rc4 23. b3 Rcc8 24. h4 g6 25. h5 a5 26. hxg6 fxg6 27. f4 exf4 28. Bxf4 Rc7 29. Qd4 Rf7 30. Bc1 Qc7 31. Bb2 Qc5 32. Qxc5 dxc5 33. d6 Re8 34. Rge3 Rxe4 35. Rxe4 Bxe4 36. Rxe4 Nd7 37. Bc3 Rf5 38. Re8+ Rf8 39. Re7 Rf7 40. Re3 Rf5 41. Kh2 Kf8 42. Kh3 Rd5 43. Re7 Rxd6 44. Rxh7 Rd1 45. Kg4 Nb6 46. Bxa5 Nd5 47. Kf3 Rd4 48. c4 Nf4 49. Bb6 Ne6 50. Ke3 Rg4 51. Rb7 Rxg5 52. Ke4 Rh5 53. Ba7 Ke8 54. Bb8 Kd8 55. Bd6 Kc8 56. Re7 Nd8 57. Rc7+ Kb8 58. Rxc5+ Kb7 59. Rc7+ Kb6 60. Rg7 Kc6 61. Rxg6 Rh4+ 62. Kd3 Kd7 63. Bg3 Rh1 64. Rd6+ Ke7 65. Kc2 Rg1 66. Rd3 Ne6 67. b4 Kf6 68. c5 Kf5 69. c6 Ke4 70. c7 Rg2+ 71. Rd2 Nd4+ 72. Kd1 Rg1+ 73. Be1 Rg8 74. Bf2 Ne6 75. Bb6 Nxc7 76. Bxc7 Rg7 77. Bd6 Rg5 78. Kc2 Rd5 79. Rxd5 Kxd5 80. Bf8 Kc4 81. Kb2 Kb5 82. Kb3 Kc6 83. Kc4 Kb6 84. Bc5+ Kc6 85. Bg1 1-0

[Event "CZE-chT2E 2122"]
[Site "Czech Republic"]
[Date "2021.12.19"]
[Round "5.5"]
[White "Martinka, Jakub"]
[Black "Kubat, Pavel"]
[Result "0-1"]
[WhiteElo "1857"]
[BlackElo "1897"]
[PlyCount "60"]
[EventDate "2021.10.17"]
[EventType "team-tourn"]
[EventRounds "11"]
[EventCountry "CZE"]
[SourceTitle "EXT 2024"]
[Source "ChessBase"]
[SourceDate "2023.10.10"]
[SourceVersion "1"]
[SourceVersionDate "2023.10.10"]
[SourceQuality "1"]
[WhiteTeam "Zlin"]
[BlackTeam "Orechov Orel"]
[WhiteTeamCountry "CZE"]
[BlackTeamCountry "CZE"]

1. e4 e5 2. f4 d5 3. exd5 Qxd5 4. Nc3 Qa5 5. Nf3 exf4 6. Bc4 Bd6 7. Qe2+ Ne7 8. Ne4 Nbc6 9. 0-0 0-0 10. d4 Ng6 11. Nfg5 h6 12. Nxf7 Be7 13. Ne5+ Kh7 14. Nxc6 bxc6 15. Bd2 Qb6 16. Bc3 f3 17. Qe3 Ne5 18. Bd3 Bf5 19. gxf3 Nxd3 20. Qxd3 c5 21. Kh1 Rad8 22. dxc5 Rxd3 23. cxb6 Rxf3 24. Nd2 Rxf1+ 25. Rxf1 axb6 26. Bd4 Bxc2 27. Re1 Bf6 28. Bxf6 Rxf6 29. Rc1 Rc6 30. Re1 Bg6 0-1

[Event "CZE-chT2E 2122"]
[Site "Czech Republic"]
[Date "2021.12.05"]
[Round "4.5"]
[White "Mlynek, Petr"]
[Black "Martinka, Jakub"]
[Result "1-0"]
[WhiteElo "2078"]
[BlackElo "1857"]
[PlyCount "113"]
[EventDate "2021.10.17"]
[EventType "team-tourn"]
[EventRounds "11"]
[EventCountry "CZE"]
[SourceTitle "EXT 2024"]
[Source "ChessBase"]
[SourceDate "2023.10.10"]
[SourceVersion "1"]
[SourceVersionDate "2023.10.10"]
[SourceQuality "1"]
[WhiteTeam "Jundrov Jezdci II"]
[BlackTeam "Zlin"]
[WhiteTeamCountry "CZE"]
[BlackTeamCountry "CZE"]

1. d4 Nf6 2. c4 g6 3. Nf3 Bg7 4. g3 0-0 5. Bg2 d6 6. 0-0 a5 7. Nc3 Na6 8. e4 Bg4 9. h3 Bxf3 10. Qxf3 Nd7 11. Rd1 e5 12. Be3 c6 13. Rd2 Qe7 14. Rad1 Rfd8 15. Qg4 Nf8 16. d5 c5 17. f4 exf4 18. Bxf4 Nd7 19. Bg5 f6 20. Bf4 Nc7 21. Nb5 Nxb5 22. cxb5 Nf8 23. h4 h6 24. h5 g5 25. Be3 Nd7 26. Qe6+ Kf8 27. Rf1 Ne5 28. Bh3 Qxe6 29. Bxe6 Ke7 30. Kg2 b6 31. a4 Rab8 32. b3 Rf8 33. Rdd1 Rfd8 34. Bd2 Rf8 35. Bc3 Rbd8 36. Rf2 Rb8 37. Rdf1 Rb7 38. Kh3 Rc7 39. Bxe5 dxe5 40. Kg4 Kd6 41. Kf5 Ra7 42. Kg6 Rc7 43. g4 Ra7 44. Rxf6 Rxf6+ 45. Rxf6 Bxf6 46. Kxf6 Rc7 47. Kg6 c4 48. bxc4 Rxc4 49. Kxh6 Rxa4 50. Kxg5 Ra1 51. h6 Rh1 52. Bf7 Ke7 53. Kg6 a4 54. d6+ Kxd6 55. g5 Ke7 56. Kg7 a3 57. g6 1-0

[Event "CZE-chT2E 1920"]
[Site "Czech Republic"]
[Date "2019.12.15"]
[Round "5.7"]
[White "Martinka, Jakub"]
[Black "Mazoch, Jiri"]
[Result "1-0"]
[WhiteElo "1850"]
[BlackElo "1983"]
[PlyCount "113"]
[EventDate "2019.10.13"]
[EventType "team-tourn"]
[EventRounds "11"]
[EventCountry "CZE"]
[SourceTitle "EXT 2024"]
[Source "ChessBase"]
[SourceDate "2023.10.10"]
[SourceVersion "1"]
[SourceVersionDate "2023.10.10"]
[SourceQuality "1"]
[WhiteTeam "Zlin"]
[BlackTeam "Kromeriz Slavia II"]
[WhiteTeamCountry "CZE"]
[BlackTeamCountry "CZE"]

1. e4 c5 2. Nf3 d6 3. d4 cxd4 4. Nxd4 Nf6 5. Nc3 a6 6. Be3 Ng4 7. Bc1 Nf6 8. f3 e5 9. Nb3 Be6 10. Be3 Be7 11. Qd2 Nbd7 12. 0-0-0 b5 13. g4 Nb6 14. Qf2 Nc4 15. Bxc4 bxc4 16. Nc5 Qc7 17. N5a4 Rb8 18. g5 Nd7 19. Nd5 Qa5 20. b3 Bxd5 21. Rxd5 Qb4 22. c3 Qb7 23. b4 Qc6 24. Nb2 Rb5 25. Rhd1 0-0 26. h4 f5 27. Qe2 fxe4 28. fxe4 Rxd5 29. Rxd5 Rc8 30. Qg4 Nf8 31. a4 Rb8 32. Qe2 Ne6 33. Qxc4 Rc8 34. Qxc6 Rxc6 35. Kc2 Nf4 36. Bxf4 exf4 37. Rf5 h6 38. gxh6 Bf6 39. Nd1 Be5 40. hxg7 Kxg7 41. Kd3 Rc8 42. c4 Rb8 43. b5 axb5 44. axb5 Ra8 45. c5 Ra3+ 46. Kc2 Ra2+ 47. Kb3 Rd2 48. cxd6 Bxd6 49. Rd5 Rxd5 50. exd5 Kg6 51. b6 Kh5 52. Kc4 Kxh4 53. Kb5 Kg5 54. Kc6 Bb8 55. d6 Kf6 56. d7 Ke7 57. Kb7 1-0

[Event "CZE-chT2E 1920"]
[Site "Czech Republic"]
[Date "2019.10.13"]
[Round "1.7"]
[White "Sochorova, Petra"]
[Black "Martinka, Jakub"]
[Result "1/2-1/2"]
[WhiteElo "2138"]
[BlackElo "1850"]
[PlyCount "95"]
[EventDate "2019.10.13"]
[EventType "team-tourn"]
[EventRounds "11"]
[EventCountry "CZE"]
[SourceTitle "EXT 2024"]
[Source "ChessBase"]
[SourceDate "2023.10.10"]
[SourceVersion "1"]
[SourceVersionDate "2023.10.10"]
[SourceQuality "1"]
[WhiteTeam "Lipovec Garde"]
[BlackTeam "Zlin"]
[WhiteTeamCountry "CZE"]
[BlackTeamCountry "CZE"]

1. e4 c5 2. Nf3 d6 3. d4 cxd4 4. Nxd4 Nf6 5. Nc3 a6 6. Bg5 e6 7. Qe2 Be7 8. h4 Bd7 9. 0-0-0 0-0 10. Kb1 Qc7 11. g4 Nc6 12. Rg1 b5 13. Qe3 Rfc8 14. Nxc6 Bxc6 15. Bd3 b4 16. Ne2 e5 17. f4 a5 18. f5 a4 19. Bxf6 Bxf6 20. g5 Be7 21. f6 Bf8 22. fxg7 Bxg7 23. Ng3 d5 24. Nh5 dxe4 25. Nf6+ Kh8 26. Nxe4 Bd5 27. Rc1 a3 28. b3 Qc6 29. c4 bxc3 30. Rxc3 Qe6 31. Rgc1 Rxc3 32. Rxc3 Rc8 33. Qa7 Bxe4 34. Rxc8+ Qxc8 35. Bxe4 Qf8 36. Qd7 Qc5 37. Qd8+ Qf8 38. Qxf8+ Bxf8 39. h5 Kg7 40. Kc2 Be7 41. Kc3 Bxg5 42. b4 h6 43. b5 Be3 44. Kc4 Kf6 45. Kd3 Bd4 46. Bd5 Ke7 47. Ke4 f6 48. Kf5 1/2-1/2

[Event "CZE-chT2E 1819"]
[Site "Czech Republic"]
[Date "2019.02.24"]
[Round "9.7"]
[White "Krmicek, Antonin"]
[Black "Martinka, Jakub"]
[Result "1/2-1/2"]
[WhiteElo "1616"]
[BlackElo "1828"]
[PlyCount "100"]
[EventDate "2018.10.14"]
[EventType "team-tourn"]
[EventRounds "11"]
[EventCountry "CZE"]
[SourceTitle "EXT 2022"]
[Source "ChessBase"]
[SourceDate "2021.10.06"]
[SourceVersion "1"]
[SourceVersionDate "2021.10.06"]
[SourceQuality "1"]
[WhiteTeam "Kunovice"]
[BlackTeam "Zlin"]
[WhiteTeamCountry "CZE"]
[BlackTeamCountry "CZE"]

1. d4 Nf6 2. Nf3 g6 3. c4 Bg7 4. Nc3 0-0 5. Bf4 d6 6. e3 b6 7. Be2 Bb7 8. Qc2 Nbd7 9. 0-0 Nh5 10. Bg3 Nxg3 11. hxg3 e5 12. d5 a5 13. Nh2 Qe7 14. g4 Rae8 15. e4 Bc8 16. a3 Nc5 17. b4 Nb7 18. Nb5 f5 19. gxf5 gxf5 20. Bh5 Rd8 21. Na7 Qh4 22. Bf3 Bd7 23. Nc6 Rde8 24. Rfe1 f4 25. Bd1 Rf6 26. Nf3 Qh6 27. Kf1 Rg6 28. Ke2 Rxg2 29. Kd3 Qh3 30. Qe2 Kf7 31. Kc3 Bf6 32. Ra2 Bxc6 33. dxc6 Nd8 34. Qd3 Ke7 35. Ba4 Ne6 36. Rd1 h5 37. Rad2 Ng5 38. Nxg5 Qxd3+ 39. Rxd3 Bxg5 40. f3 h4 41. c5 axb4+ 42. axb4 bxc5 43. bxc5 Rd8 44. cxd6+ cxd6 45. Rb1 h3 46. Rb7+ Kf6 47. Rxd6+ Rxd6 48. c7 Rg1 49. Kb2 Rg2+ 50. Kc3 Rg1 1/2-1/2

[Event "CZE-chT2E 1718"]
[Site "Czech Republic"]
[Date "2018.03.18"]
[Round "10.8"]
[White "Martinka, Jakub"]
[Black "Vavra, Michal"]
[Result "1/2-1/2"]
[WhiteElo "1851"]
[BlackElo "1987"]
[PlyCount "106"]
[EventDate "2017.10.15"]
[EventType "team-tourn"]
[EventRounds "11"]
[EventCountry "CZE"]
[SourceTitle "EXT 2022"]
[Source "ChessBase"]
[SourceDate "2021.10.06"]
[SourceVersion "1"]
[SourceVersionDate "2021.10.06"]
[SourceQuality "1"]
[WhiteTeam "Zlin"]
[BlackTeam "Brno Moravska Slavia II"]
[WhiteTeamCountry "CZE"]
[BlackTeamCountry "CZE"]

1. e4 c5 2. Nf3 d6 3. d4 cxd4 4. Nxd4 Nf6 5. Nc3 g6 6. f4 Nc6 7. Nxc6 bxc6 8. e5 dxe5 9. Qxd8+ Kxd8 10. fxe5 Ng4 11. Bf4 Bh6 12. Bxh6 Nxh6 13. Bc4 Kc7 14. 0-0-0 Bf5 15. h3 Rhf8 16. Rhe1 Rad8 17. Na4 Rxd1+ 18. Rxd1 Rd8 19. Nc5 Rxd1+ 20. Kxd1 Kb6 21. b4 Bc8 22. g4 Kc7 23. Kd2 Kd8 24. Ne4 Ke8 25. Ng5 f6 26. exf6 exf6 27. Nxh7 Ke7 28. g5 fxg5 29. Nxg5 Nf5 30. Ne4 Nh4 31. Bf1 Bf5 32. Nf2 Nf3+ 33. Kc3 Ng5 34. Bg2 Kd6 35. a4 Bd7 36. Ne4+ Nxe4+ 37. Bxe4 Bxh3 38. Bxg6 Bd7 39. Kd4 Bg4 40. Bd3 Bd7 41. c4 Bg4 42. Bc2 Bf3 43. c5+ Kc7 44. b5 cxb5 45. axb5 Be2 46. Bd3 Bf3 47. Kc4 Bg2 48. Kb4 Kb7 49. Ka5 Bf3 50. Bf5 Bg2 51. Bd7 Kc7 52. c6 Bf1 53. Be8 Bg2 1/2-1/2